| 000 | 00567nam a22001457a 4500 | ||
|---|---|---|---|
| 999 |
_c134209 _d134209 |
||
| 005 | 20240529094526.0 | ||
| 008 | 240529b ||||| |||| 00| 0 eng d | ||
| 040 | _cPK-LaUMT | ||
| 082 |
_aAPC 297.4092 _bAZI-M |
||
| 100 | _aAziz Ahmad Chaudhary = عزیز احمد چودھری | ||
| 245 |
_aMian Muhammad Bakhsh = میاں محمد بخش (احوال و آثار کتابیات اور منتخب کلام) / _cby Aziz Ahmad Chaudhary = عزیز احمد چودھری |
||
| 260 |
_aIslamabad : _bPunjab Research Foundation, _c1986 |
||
| 300 | _a218 p. | ||
| 942 | _cBK | ||